000 00291nam a22001337a 4500
008 170204b xxu||||| |||| 00| 0 eng d
020 _a0195141911
041 _aeng
080 _a61
100 _a3
101 _aSHM
245 _aGERIATRIC PALLIATIVE CARE
_cMORRISON, R.S
942 _2udc
_cBK
999 _c4566
_d4566